| Tag |
First Indicator |
Second Indicator |
Subfields |
| LEADER |
00000cem a2200000 a 4500 |
| 001 |
in00002768607 |
| 005 |
20150922111339.0 |
| 008 |
120816s1971 txu a 1 eng |
| 034 |
1 |
|
|a a
|b 9600
|
| 040 |
|
|
|d UtOrBLW
|
| 043 |
|
|
|a n-us-tx
|
| 052 |
|
|
|a 4034
|b G86
|
| 090 |
|
|
|a G4034.G86 1971
|b .H6
|
| 110 |
2 |
|
|a Hoffpauir, J. R.
|
| 245 |
1 |
0 |
|a City of Groesbeck, Texas /
|c drawn by J.R. Hoffpauir.
|
| 255 |
|
|
|a Scale [ca. 1:9,600]. 1"=800'
|
| 264 |
|
1 |
|a [Place of publication not identified] :
|b [publisher not identified],
|c [1971]
|
| 300 |
|
|
|a 1 map ;
|c 43 x 56 cm.
|
| 336 |
|
|
|a cartographic image
|b cri
|2 rdacontent
|
| 337 |
|
|
|a unmediated
|b n
|2 rdamedia
|
| 338 |
|
|
|a sheet
|b nb
|2 rdacarrier
|
| 500 |
|
|
|a "February 24, 1971."
|
| 500 |
|
|
|a Cartographic material.
|
| 651 |
|
0 |
|a Groesbeck (Tex.)
|v Maps.
|
| 948 |
|
|
|a cataloged
|b h
|c 2012/8/16
|d c
|e jgreene
|f 1:21:19 pm
|
| 999 |
|
|
|a MARS
|
| 999 |
f |
f |
|s 02011f6d-6279-338b-8f30-33162db80bce
|i 096aeef2-683d-341f-812a-042e11faeb4d
|t 0
|
| 952 |
f |
f |
|p normal
|a Texas A&M University
|b College Station
|c Sterling C. Evans Library
|d Evans: Maps (2nd floor)
|t 0
|e G4034.G86 1971 .H6
|h Library of Congress classification
|i unmediated -- sheet
|m A14841103018
|
| 952 |
f |
f |
|p normal
|a Texas A&M University
|b College Station
|c Sterling C. Evans Library
|d Evans: Maps (2nd floor)
|t 0
|e G4034.G86 1971 .H6
|h Library of Congress classification
|i unmediated -- sheet
|m A14841103092
|
| 952 |
f |
f |
|p normal
|a Texas A&M University
|b College Station
|c Sterling C. Evans Library
|d Evans: Maps (2nd floor)
|t 0
|e G4034.G86 1971 .H6
|h Library of Congress classification
|i unmediated -- sheet
|m A14841103050
|
| 998 |
f |
f |
|a G4034.G86 1971 .H6
|t 0
|l Evans: Maps (2nd floor)
|
| 998 |
f |
f |
|a G4034.G86 1971 .H6
|t 0
|l Evans: Maps (2nd floor)
|
| 998 |
f |
f |
|a G4034.G86 1971 .H6
|t 0
|l Evans: Maps (2nd floor)
|